Biblioteca

La encarnación del Verbo (Registro nro. 63913)

Detalles MARC
000 -LÍDER
Campo fijo de descripción fija 01450nam a22004335b 4500
001 - NÚMERO DE CONTROL
Campo de control 768714001
003 - IDENTIFICADOR DEL NÚMERO DE CONTROL
Campo de control CO-MdFUSB
005 - FECHA Y HORA DE LA ULTIMA TRANSACCIÓN
control field 20170731150917.0
008 - ELEMENTOS DE LONGITUD FIJA -- INFORMACIÓN GENERAL
Campo fijo de descripción fija -- Información general 980608t19892015sp | |||| ||spa
017 ## - COPYRIGHT OR LEGAL DEPOSIT NUMBER
Copyright or legal deposit number M 24981-1997
Assigning agency Oficina Depósito Legal Madrid
020 ## - NÚMERO INTERNACIONAL NORMALIZADO PARA LIBROS
Número Internacional Normalizado del libro 8489651264
040 ## - FUENTE DE CATALOGACIÓN
Agencia de catalogación original SpMaBN
Idioma de catalogación spa
Agencia que realiza la transcripción CO-MdFUSB
Convenciones de la descripción rdc
Agencia que realiza la modificación CO-MdFUSBC
041 1# - CÓDIGO DE IDIOMA
Código de idioma para texto/pista de sonido o título separado spa
Código de idioma original grc
080 #0 - UNIVERSAL DECIMAL CLASSIFICATION NUMBER
Universal Decimal Classification number 232.8
082 ## - NÚMERO DE CLASIFICACIÓN DECIMAL DEWEY
Número de la edición del Dewey 24
Número de clasificación 270.1
Clave de autor-Numero de item AT862
100 0# - ASIENTO PRINCIPAL--NOMBRE PERSONAL
Nombre personal Atanasio,
Término relacionador autor.
240 ## - TITULO UNIFORME
Título uniforme <a href="Biblioteca de patrística">Biblioteca de patrística</a>
245 13 - TÍTULO
Título del Material La encarnación del Verbo
Mención de responsabilidad, etc. / Atanasio ; introducción de Fernando Guerrero Martínez ; traducción del griego de José C. Fernández Sahelices
Parte restante del título - Subtitulo :
250 ## - MENCIÓN DE EDICIÓN
Mención de edición 2ª edición,
Resto de la mención de edición 2ª impresión: septiembre 2015
264 #1 - PRODUCCIÓN, PUBLICACIÓN, DISTRIBUCIÓN, MANUFACTURA, Y COPYRIGHT
Lugar de producción, publicación, distribución, manufactura Madrid, (España) :
Nombre del productor, publicador, distribuidor Ciudad Nueva,
Fecha de producción, publicación, distribución, manufactura, o copyright 2015
264 #4 - PRODUCCIÓN, PUBLICACIÓN, DISTRIBUCIÓN, MANUFACTURA, Y COPYRIGHT
Fecha de producción, publicación, distribución, manufactura, o copyright ©1989
300 ## - DESCRIPCIÓN FÍSICA
Extensión 160 p.
Dimensiones : 21 cm
Otros detalles físicos :
336 ## - TIPO DE CONTENIDO
Fuente rdacontent
Término de tipo de contenido
Código de tipo de contenido
337 ## - TIPO DE MEDIO
Fuente rdamedia
Nombre del tipo de medio
Código del tipo de medio
338 ## - TIPO DE SOPORTE
Fuente rdacarrier
Nombre del tipo de soporte
Código Tipo de soporte
440 #0 - MENCIÓN DE SERIE /ASIENTO SECUNDARIO-- TITULO
Designación numérica/secuencial del volumen 6
490 ## - MENCIÓN DE SERIE
Mención de serie Biblioteca de Patristíca
505 ## - NOTA DE CONTENIDO
Nota de contenido con formato preestablecido Introducción -- Vida y época de Atanasio -- Obra literaria -- La encarnación del Verbo.
563 ## - NOTA DE ENCUADERNACIÓN
Nota de encuadernación rústico
650 #7 - ASIENTO SECUNDARIO DE MATERIA - TERMINO TEMÁTICO
Término temático o nombre geográfico como elemento de entrada Encarnación
Fuente del encabezamiento o término embne
650 #7 - ASIENTO SECUNDARIO DE MATERIA - TERMINO TEMÁTICO
Término temático o nombre geográfico como elemento de entrada Padres de la Iglesia
9 (RLIN) 59
Subdivisión de forma Obras
653 ## - TÉRMINO DE INDIZACIÓN - NO CONTROLADO
Término no controlado Atanasio
700 11 - ASIENTO SECUNDARIO - NOMBRE PERSONAL
Nombre personal Guerrero, Fernando
Fechas asociadas con el nombre 1920-
Responsabilidad Introductor
700 11 - ASIENTO SECUNDARIO - NOMBRE PERSONAL
Nombre personal Fernández Sahelices, José C.
Responsabilidad traductor
830 ## - PUNTO DE ACCESO ADICIONAL DE SERIE - TÍTULO UNIFORME
Designación de volumen o secuencia 6
942 ## - TIPO DE MATERIAL (KOHA)
Tipo de Item KOHA Libros de Referencia
Existencias
Estado de Material Estado de Perdido Forma de Clasificación Estado de Dañado No para Préstamo Colección Biblioteca de Origen Biblioteca Permanente Fecha de Adquisición Total de Préstamos Signatura Topográfica Código de Barras Última vez visto Última vez Préstado Ejemplar/Existencia Fecha de Remplazo Tipo de Material
    Dewey Decimal Classification     Colección de Referencia Biblioteca FUSBC Biblioteca FUSBC 10/07/2017 3 R 270.092 B582 18305 19/03/2024 14/09/2023 Vol. 6, ej. 1 10/07/2017 Libros de Referencia

Biblioteca FUSBC | Teléfono: (57+4) 349 88 10 Ext. 141| WhatsApp (+57) 3005338115 
E-mail: biblioteca@unisbc.edu.co | Calle 76 87-14 Robledo Palenque, Medellín, Colombia

Con tecnología Koha